000 00634nam a2200229Ia 4500
005 20241216010059.0
008 180423s9999||||xx |||||||||||||| ||und||
020 _a968-24-5320-8
082 _a371.302
_bK25
100 _aKATZ LILIAN G.
245 0 _aCAPACITACION DEL MAESTRO EN LA EDUCACION INICIAL
_bPROBLEMAS Y SUGERENCIAS
250 _a2
260 _aMEXICO
_bTRILLAS S.A.
_c1995
300 _a101 pag.
_c23 cm
341 _h0
490 _v0
_a0
505 _aEDUCACION PREESCOLAR-PROGRAMAS/MAESTRO-TRABAJO CON NIÑOS
541 _aC
_d09-Oct-98
650 _aCIENCIAS SOCIALES
856 _zHumanidades
942 _cLIBRO
999 _c4989
_d4989